000 00284nam a2200121Ia 4500
100 _aShigley/ J.E/ Mischke/C.R
942 _cRB
654 _ahandbook
245 _aStd.handbook of machine design
260 _bMc Graw Hill
_aNew York
_c1986
082 _a1.53
_bSHI
546 _aENGLISH
999 _c20992
_d20992